Dynamiser les systémes nationaux d'innovation

Salvato in:
Dettagli Bibliografici
Natura: Libro
Lingua:francese
Pubblicazione: Paris OCDE 2002
Soggetti:
Tags: Aggiungi Tag
Nessun Tag, puoi essere il primo ad aggiungerne!!

MARC

LEADER 00000nam a2200000 4500
001 c136825
005 20221221092108.9
020 |a 92-64-29783-9 
041 0 |a fre 
044 |a FR 
245 1 0 |a Dynamiser les systémes nationaux d'innovation 
264 1 |a Paris  |b OCDE  |c 2002 
300 |a 98 s. 
610 2 0 |a inovácia 
610 2 0 |a politika hospodárska 
610 2 0 |a rast hospodársky 
610 2 0 |a systémy ekonomické 
610 2 0 |a svet 
610 2 0 |a OECD